000 01218cad a22002655a 4500
001 E147025
008 090324s2009 xxk f s000 0 eng d
020 _a9780755974603
035 _a(Sirsi) u147025
041 0 _aeng
050 0 4 _a346.4104342 $2 18
100 1 _aCrook, A. D. H.
_cProf
245 0 0 _aViews and experiences of landlords in the private rented sector in Scotland
_h[electronic resource]
260 _aEdinburgh
_bScottish Government Social Research
_c2009
490 0 _aHousing, Regeneration and Planning Research Findings
_v(32) 2009
520 _aPresents a summary of the results of research into ownership of the private rented sector in Scotland, and of landlords' experiences, views, policies and practices. The report is part of a suite of research commissioned by the Scottish Government into the private rented sector.
521 _aAdvanced
590 _aKA
651 4 _aScotland
_y1999-
690 _aPROPERTY-RESIDENTIAL PROPERTY-RESIDENTIAL LANDLORD AND TENANT
700 1 _aFerrari, Ed
_cDr
700 1 _aKemp, Peter A.
_cProf
856 4 0 _uhttps://www.scotland.gov.uk/Publications/2009/03/23140033/0
_zView the report free of charge at www.scotland.gov.uk...
942 _n0
999 _c109409
_d109409